Poemateria /
Uložené v:
| Hlavný autor: | |
|---|---|
| Médium: | Kniha |
| Jazyk: | Hungarian |
| Vydané: |
Pozsony : Budapest :
AB-Art Kiadó ; Magyar Műhely Kiadó,
2002
|
| Vydanie: | [1. kiad.] |
| Témy: | |
| ISBN: |
8089006426 (viaz.) |
| Fyzický popis: |
120 s. : fareb. fotogr. ; 20 cm |
| Tagy: |
Pridať tag
Žiadne tagy, Buďte prvý kto otaguje tento záznam!
|
Titul je dostupný aj v ... 

MARC
| LEADER | 00000nam a2200000 a 4500 | ||
|---|---|---|---|
| 001 | 000000370 | ||
| 003 | SVKK | ||
| 005 | 20060803141906.0 | ||
| 008 | 040303s2002 xo a er 000 pdhuno | ||
| 020 | |a 8089006426 (viaz.) | ||
| 040 | |a SVKKK |b slo |c SVKKK |e AACR2 | ||
| 041 | 0 | |a hun | |
| 044 | |a xo |c SK | ||
| 072 | 7 | |a 821.511.1 |x Ugrofínske literatúry |2 konspekt | |
| 080 | |a 821.511.141-1 |2 1997 | ||
| 080 | |a (0:82-1) |2 1997 | ||
| 100 | 1 | |a Mészáros, Ottó |4 aut | |
| 245 | 1 | 0 | |a Poemateria / |c Ottó Mészáros |
| 250 | |a [1. kiad.] | ||
| 260 | |a Pozsony : |b AB-Art Kiadó ; |a Budapest : |b Magyar Műhely Kiadó, |c 2002 | ||
| 300 | |a 120 s. : |b fareb. fotogr. ; |c 20 cm | ||
| 504 | |a Biogr. údaje | ||
| 655 | 7 | |a maďarská poézia |2 SVKKKPH | |
| 655 | 7 | |a umelecká literatúra |2 SVKKKPH | |
| 919 | |a 80-89006-42-6 | ||
| 998 | |a BK | ||
| 984 | |a Bratislava | ||
| 090 | |g SCKHL |k Sklad Pribinova 2. posch. |a III.196268 |j 959785 |i 2720020855 |s Absenčne | ||